Phasmophobia Media - Statistics

General Stats
  • This quiz has been taken 35 times
  • The average score is 21 of 60
Answer Stats
Media Type Answer % Correct
Photo Ghost Ghost
91%
Video Ghost Ghost
91%
Photo Evidence Ghost Writing
68%
Video Evidence Ghost Writing
68%
Audio Evidence Ghost Writing
68%
Photo Ghost Shadow Ghost
59%
Video Ghost Shadow Ghost
59%
Photo Evidence Freezing Temperatures
55%
Video Evidence Ghost Orbs
55%
Photo Cursed Object Haunted Mirror
55%
Video Ghost Hunting Ghost
55%
Audio Ghost Hunting Ghost
55%
Photo Cursed Object Monkey Paw
55%
Photo Cursed Object Music Box
55%
Photo Cursed Object Summoning Circle
55%
Photo Cursed Object Tarot Cards
55%
Photo Evidence D. O. T. S. Ghost
50%
Photo Ghost D. O. T. S. Ghost
50%
Video Evidence D. O. T. S. Ghost
50%
Photo Cursed Object Ouija Board
50%
Photo Cursed Object Voodoo Doll
50%
Photo Evidence Fingerprint
45%
Photo Evidence Footprint
41%
Photo Other Bone
36%
Audio Paranormal Sound Paranormal Talking
36%
Photo Ghost Translucent Ghost
36%
Video Ghost Translucent Ghost
36%
Photo Interaction EMF Reading
32%
Audio Ghost Event Ghost Event
32%
Audio Evidence Spirit Box Response
32%
Photo Other Burned Crucifix
27%
Video Interaction Door Moved
27%
Video Interaction Light Switched
27%
Photo Ghost Event Mist Form
27%
Video Ghost Event Mist Form
27%
Audio Ghost Event Mist Form
27%
Video Interaction Object Thrown
27%
Audio Paranormal Sound Paranormal Laughing
27%
Audio Paranormal Sound Paranormal Whisper
27%
Photo Other Dead Body
23%
Video Interaction Fire Extinguished
23%
Audio Interaction Fire Extinguished
23%
Photo Interaction Dirty Water
18%
Video Interaction Dirty Water
18%
Video Other Burning Crucifix
14%
Audio Other Burning Crucifix
14%
Audio Evidence EMF 5 Reading
14%
Audio Paranormal Sound Paranormal Scream/Banshee Scream
14%
Video Interaction Radio
14%
Audio Interaction Radio
14%
Video Interaction Fire Interaction/Igniting
9%
Photo Interaction Levitating Object
9%
Video Other Lights Flickering
9%
Photo Evidence Obake Fingerprint
9%
Audio Paranormal Sound Paranormal Breathing/Deogen Breath
9%
Video Interaction Phone Buzzing/Ringing
5%
Video Other Player Dying
5%
Video Interaction Distorted Sound
0%
Video Ghost Event Light Shattering
0%
Video Interaction Rocking Chair
0%
No matching quizzes found
Score Distribution
Percent of People with Each Score
Percentile by Number Answered
Your Score History
You have not taken this quiz